MEDICAL AND VETERINARY ENTOMOLOGY (Record no. 216887)

MARC details
000 -LEADER
fixed length control field 00571nam a22001937a 4500
008 - FIXED-LENGTH DATA ELEMENTS--GENERAL INFORMATION
fixed length control field 260327b |||||||| |||| 00| 0 eng d
020 ## - INTERNATIONAL STANDARD BOOK NUMBER
International Standard Book Number 978-0-12-814043-7
050 ## - LIBRARY OF CONGRESS CALL NUMBER
Classification number RA 639.5.M43 2019
100 ## - MAIN ENTRY--PERSONAL NAME
Personal name GARY MULLEN R.
245 ## - TITLE STATEMENT
Title MEDICAL AND VETERINARY ENTOMOLOGY
250 ## - EDITION STATEMENT
Edition statement 3rd
260 ## - PUBLICATION, DISTRIBUTION, ETC.
Place of publication, distribution, etc. UNITED KINGDOM
Name of publisher, distributor, etc. ELSEVIER
Date of publication, distribution, etc. 2019
300 ## - PHYSICAL DESCRIPTION
Extent X,769
500 ## - GENERAL NOTE
General note INCLUDES GLOSSARY,TAXONOMIC INDEX AND SUBJECT INDEX
650 ## - SUBJECT ADDED ENTRY
Topical term or geographic name entry element VETERINARY ANTOMOLOGY-INSECTS AS CARRIERS OF DISEASES
700 ## - ADDED ENTRY--PERSONAL NAME
Personal name LANCE DURDEN A.
942 ## - ADDED ENTRY ELEMENTS (KOHA)
Source of classification or shelving scheme Library of Congress Classification
Koha item type Long Loan Book
Holdings
Withdrawn status Lost status Source of classification or shelving scheme Damaged status Not for loan Collection Home library Current library Shelving location Date acquired Inventory number Total checkouts Full call number Date last seen Copy number Price effective from Koha item type Barcode
    Library of Congress Classification     Medicine Kisii University Library Kisii University Library On Display 03/27/2026 112634   RA 639.5.M43 2019 03/27/2026 C.1 03/27/2026 Long Loan Book  
    Library of Congress Classification     Medicine Kisii University Library Kisii University Library On Display 03/27/2026 112635   RA 639.5.M43 2019 03/27/2026 C.2 03/27/2026 Long Loan Book A000086
    Library of Congress Classification     Medicine Kisii University Library Kisii University Library On Display 03/27/2026 112636   RA 639.5.M43 2019 03/27/2026 C.3 03/27/2026 Long Loan Book A000083
    Dewey Decimal Classification     Medicine Kisii University Library Kisii University Library On Display 03/31/2026 112634   RA 639.5.M43 2019 03/31/2026 C.1 03/31/2026 Long Loan Book A000085